000 00310nam a2200145Ia 4500
100 _aKuo/B.C
250 _a5
942 _cBK
654 _aautomatic
245 _aAutomatic Control Systems 4th ed
260 _bprentice hall
_aNew Delhi
_c1985
082 _a629.8
_bKUO
300 _a721
546 _aENGLISH
999 _c24489
_d24489